Экономика труда Учебное пособие
Shranjeno v:
| Glavni avtor: | |
|---|---|
| Format: | Учебное пособие |
| Serija: | Высшее образование |
| Online dostop: | https://znanium.com/catalog/document?id=125148 https://znanium.com/cover/0061/61564.jpg |
| Oznake: |
Označite
Brez oznak, prvi označite!
|
| LEADER | 01610nam0a2200337 i 4500 | ||
|---|---|---|---|
| 001 | RU\infra-m\znanium\bibl\61564 | ||
| 003 | https://znanium.com/catalog/document?id=125148 | ||
| 005 | 20190327000000.0 | ||
| 010 | |a 978-5-16-001379-4 | ||
| 100 | |a 20190327d2012 m y0rusy0150 ca | ||
| 101 | 0 | |a rus | |
| 102 | |a RU | ||
| 200 | 1 | |a Экономика труда |e Учебное пособие |f Государственный университет управления | |
| 210 | 1 | |a Москва |c ООО "Научно-издательский центр ИНФРА-М" |d 2003 | |
| 215 | |a 268 с. | ||
| 225 | 1 | |a Высшее образование | |
| 333 | |a ВО - Бакалавриат | ||
| 606 | |a Экономика. Бухгалтерский учет. Финансы |x Экономика труда |2 local | ||
| 608 | |a Учебное пособие |2 local | ||
| 675 | |a 331(075.8) |z rus | ||
| 686 | |a 65.24я73 |2 rubbk | ||
| 686 | |a 38.03.01 |2 okso | ||
| 686 | |a 38.03.02 |2 okso | ||
| 686 | |a 38.03.03 |2 okso | ||
| 686 | |a 38.04.01 |2 okso | ||
| 686 | |a 38.04.03 |2 okso | ||
| 686 | |a 41.03.06 |2 okso | ||
| 700 | 1 | |a Остапенко |b Ю. М. |g Юлия Михайловна |p Государственный университет управления | |
| 801 | 0 | |a RU |b Общество с ограниченной ответственностью «ЗНАНИУМ» |c 20030220 |2 rusmarc | |
| 856 | 4 | |a znanium.com |m ebs_support@infra-m.ru |n НИЦ ИНФРА-М |u https://znanium.com/catalog/document?id=125148 | |
| 856 | 4 | 1 | |a znanium.com |d /cover/0061 |f 61564.jpg |q image/jpeg |u https://znanium.com/cover/0061/61564.jpg |